Important technical words: (Record no. 146500)

MARC details
000 -LEADER
fixed length control field 00652nam a22001937a 4500
005 - DATE AND TIME OF LATEST TRANSACTION
control field 20171012104952.0
010 ## - LCCN (DPL NO)
LC control number ENG-120978
020 ## - INTERNATIONAL STANDARD BOOK NUMBER
Terms of availability 250.00
035 ## - SYSTEM CONTROL NUMBER
System control number EN-104510
037 ## - SOURCE OF ACQUISITION
Source of stock number/acquisition DBAD/PUB
082 ## - DEWEY DECIMAL CLASSIFICATION NUMBER
Classification number 320.934
100 ## - MAIN ENTRY--PERSONAL NAME
Personal name Shashirekha, P.
245 ## - TITLE STATEMENT
Title Important technical words:
Remainder of title in the work on ancient indian polity and their significance /
Statement of responsibility, etc P. Shashirekha
260 ## - PUBLICATION, DISTRIBUTION, ETC. (IMPRINT)
Place of publication, distribution, etc Hyderabad
Name of publisher, distributor, etc Samantha Graphics
Date of publication, distribution, etc 2010
270 ## - ADDRESS
Address Flat No. 106, Indra Estates, Street No. 18, Ramnagar
City Hyderabad
Postal code 110002
300 ## - PHYSICAL DESCRIPTION
Extent vii,188p.
Dimensions 21cm(pbk)
500 ## - GENERAL NOTE
General note Includes bibliographical references
942 ## - ADDED ENTRY ELEMENTS (KOHA)
Source of classification or shelving scheme Dewey Decimal Classification
Item type English Books
Classification part 320.934
Call number suffix SHA
Holdings
Withdrawn status Lost status Not for loan Collection code Home library Current library Date acquired Source of acquisition Cost, normal purchase price Full call number Barcode Copy number Cost, replacement price Koha item type
    Not For Loan Non-fiction D.B.Act.Division Bawana 12/10/2017 DBAD/PUB 250.00 320.934 SHA EN-104510 1 250.00 English Books

© Delhi Public Library
Hit Counter
free hit counter